Vista normal Vista MARC

Entrada Nombre personal

Número de registros utilizados en: 3

001 - NÚMERO DE CONTROL

  • campo de control: 130053

003 - IDENTIFICADOR DE NÚMERO DE CONTROL

  • campo de control: OSt

005 - FECHA Y HORA DE LA ÚLTIMA TRANSACCIÓN

  • campo de control: 20230222192910.0

008 - ELEMENTOS DE DATO DE LONGITUD-FIJA

  • campo de control de longitud fija: 080222 b azznnaaan n bnc d

040 ## - FUENTE DE CATALOGACIÓN

  • Centro catalogador/agencia de origen: OSt
  • Centro/agencia transcriptor: OSt

100 11 - ENCABEZAMIENTO-NOMBRE DE PERSONA

  • Nombre de persona: Monescillo, Antolín

400 00 - TRAZADO DE VÉASE--NOMBRE DE PERSONA

  • Nombre de persona: Monescillo y Viso, Antolín
  • Títulos y otros términos asociados al nombre: Cardenal

400 10 - TRAZADO DE VÉASE--NOMBRE DE PERSONA

  • Nombre de persona: Monescillo, Antolin
  • Títulos y otros términos asociados al nombre: Arzobispo de Valencia